[Event "ENG-ch Senior Over 65"]
[Site "Kenilworth"]
[Date "2025.04.26"]
[Round "4.11"]
[White "O'Gorman, Brendan"]
[Black "Habershon, Paul F"]
[Result "0-1"]
[WhiteElo "1681"]
[BlackElo "1936"]
[PlyCount "70"]
[EventDate "2025.04.24"]
[EventType "swiss"]
[EventRounds "7"]
[EventCountry "ENG"]
[SourceTitle "BritBase"]
[Source "John Saunders"]
[SourceDate "1997.08.31"]
[SourceVersion "1"]
[SourceVersionDate "1997.08.31"]
[SourceQuality "1"]

1. d4 Nf6 2. c4 e6 3. Nc3 c5 4. d5 exd5 5. cxd5 d6 6. Nf3 g6 7. h3 Bg7 8. Bf4 O-O 9. e3 Na6 10. Be2 Nc7 11. a4 b6 12. O-O a6 13. e4 Re8 14. Nd2 Rb8 15. Nc4 Nxe4 16. Nxe4 Rxe4 17. Bxd6 Rd4 18. Bxc7 Qxc7 19. d6 Qd8 20. Qc1 Be6 21. Rd1 Bxc4 22. Bxc4 b5 23. axb5 axb5 24. Rxd4 Bxd4 25. Bxf7+ Kxf7 26. Qh6 Qf6 27. Qxh7+ Ke6 28. Qc7 Rd8 29. Re1+ Kd5 30. Qb7+ Kxd6 31. Qb6+ Kd5 32. Qb7+ Kc4 33. Rc1+ Kb4 34. Qa7 Qxf2+ 35. Kh1 Qxb2 0-1

[Event "ENG-ch Senior Over 65"]
[Site "Kenilworth"]
[Date "2025.04.26"]
[Round "4.12"]
[White "Winter, Kevin"]
[Black "Campbell, Ian"]
[Result "1/2-1/2"]
[WhiteElo "1751"]
[BlackElo "1959"]
[PlyCount "96"]
[EventDate "2025.04.24"]
[EventType "swiss"]
[EventRounds "7"]
[EventCountry "ENG"]
[SourceTitle "BritBase"]
[Source "John Saunders"]
[SourceDate "1997.08.31"]
[SourceVersion "1"]
[SourceVersionDate "1997.08.31"]
[SourceQuality "1"]

1. e4 g6 2. d4 Bg7 3. Nc3 d6 4. Be3 a6 5. Qd2 Nd7 6. O-O-O b5 7. f3 Bb7 8. g4 h6 9. h4 Rc8 10. Nh3 e6 11. Nf2 Ne7 12. Kb1 Nb6 13. h5 g5 14. Bd3 Nc6 15. Bf1 Qe7 16. Re1 b4 17. Ncd1 d5 18. e5 Nc4 19. Bxc4 dxc4 20. Ne4 Rd8 21. Qf2 Na5 22. Nc5 Bd5 23. Rhf1 O-O 24. f4 f6 25. Qh2 Nb7 26. fxg5 fxg5 27. Nxb7 Bxb7 28. Nf2 Bd5 29. Qg1 a5 30. Nd1 a4 31. Bc1 Rxf1 32. Qxf1 c5 33. dxc5 Qxc5 34. Be3 Qc6 35. Bc1 c3 36. Qe2 cxb2 37. Bxb2 a3 38. Ba1 Bf3 39. Qf1 Rd2 40. Ne3 Be4 41. Rc1 Qc5 42. Qe1 Rd8 43. Qe2 Rc8 44. Qd2 Qc7 45. Qd6 Qxd6 46. exd6 Bxa1 47. Kxa1 Rd8 48. Rd1 Bf3 1/2-1/2

[Event "ENG-ch Senior Over 65"]
[Site "Kenilworth"]
[Date "2025.04.26"]
[Round "4.13"]
[White "Hall, Alan A"]
[Black "Tucker, David S"]
[Result "1-0"]
[WhiteElo "1780"]
[BlackElo "1904"]
[PlyCount "109"]
[EventDate "2025.04.24"]
[EventType "swiss"]
[EventRounds "7"]
[EventCountry "ENG"]
[SourceTitle "BritBase"]
[Source "John Saunders"]
[SourceDate "1997.08.31"]
[SourceVersion "1"]
[SourceVersionDate "1997.08.31"]
[SourceQuality "1"]

1. d4 c5 2. e3 g6 3. Nf3 Bg7 4. c4 Nf6 5. Be2 O-O 6. O-O Na6 7. Nc3 d6 8. b3 b6 9. Bb2 Bb7 10. Qd2 Nc7 11. d5 e6 12. dxe6 fxe6 13. Rfd1 d5 14. cxd5 exd5 15. a4 a6 16. Qc2 Qe7 17. Rab1 Rae8 18. Ba3 a5 19. Rbc1 Bh6 20. Kf1 Ng4 21. Re1 Nxf2 22. Kxf2 Bxe3+ 23. Kf1 Qh4 24. Nd1 Bxc1 25. Bxc1 Ba6 26. Nf2 Bxe2+ 27. Rxe2 Qf6 28. Bb2 d4 29. Ng4 Qg7 30. Bc1 Rxe2 31. Qxe2 Qd7 32. h3 d3 33. Qe5 Qg7 34. Qxg7+ Kxg7 35. Bh6+ Kg8 36. Bxf8 Kxf8 37. Nfe5 b5 38. Nd7+ Ke7 39. Nxc5 bxa4 40. bxa4 Nd5 41. Nxd3 Nc3 42. Nb2 Kd6 43. Ke1 Kc5 44. Kd2 Nd5 45. Ne3 Nf6 46. Nd3+ Kd4 47. Nc2+ Kc4 48. Ne5+ Kb3 49. g4 Kxa4 50. Kc3 h5 51. gxh5 gxh5 52. h4 Nd5+ 53. Kd4 Nf4 54. Kc4 Ng2 55. Nd7 1-0

[Event "ENG-ch Senior Over 65"]
[Site "Kenilworth"]
[Date "2025.04.26"]
[Round "4.14"]
[White "Page, Mark Edward"]
[Black "Neatherway, A Philip"]
[Result "1-0"]
[WhiteElo "2049"]
[BlackElo "1761"]
[PlyCount "69"]
[EventDate "2025.04.24"]
[EventType "swiss"]
[EventRounds "7"]
[EventCountry "ENG"]
[SourceTitle "BritBase"]
[Source "John Saunders"]
[SourceDate "1997.08.31"]
[SourceVersion "1"]
[SourceVersionDate "1997.08.31"]
[SourceQuality "1"]

1. e4 e6 2. d4 d5 3. e5 c5 4. c3 Nc6 5. Nf3 Qb6 6. Bd3 cxd4 7. O-O Bd7 8. Re1 Rc8 9. a3 a5 10. Nbd2 dxc3 11. bxc3 Bc5 12. Qe2 a4 13. c4 Nge7 14. Rb1 Qc7 15. Bb2 Na5 16. cxd5 Nxd5 17. Qe4 Bc6 18. Qg4 Kf8 19. Ne4 h5 20. Qg3 Be7 21. Nd6 Rb8 22. h4 Nb3 23. Nd4 Nxd4 24. Bxd4 Qd8 25. Be4 Bxh4 26. Qf3 Qe7 27. Rec1 Rd8 28. Bc5 Kg8 29. Nxb7 Qxb7 30. Rxb7 Bxb7 31. Bxd5 Bxd5 32. Qf4 g5 33. Qf6 Rb8 34. g3 Rb3 35. Be3 1-0

[Event "ENG-ch Senior Over 65"]
[Site "Kenilworth"]
[Date "2025.04.26"]
[Round "4.15"]
[White "Bellers, Chris JV"]
[Black "Morrish, John"]
[Result "1-0"]
[WhiteElo "1926"]
[BlackElo "1786"]
[PlyCount "95"]
[EventDate "2025.04.24"]
[EventType "swiss"]
[EventRounds "7"]
[EventCountry "ENG"]
[SourceTitle "BritBase"]
[Source "John Saunders"]
[SourceDate "1997.08.31"]
[SourceVersion "1"]
[SourceVersionDate "1997.08.31"]
[SourceQuality "1"]

1. c4 e5 2. g3 Nf6 3. Bg2 c6 4. d4 exd4 5. Qxd4 Be7 6. Nc3 d6 7. Nf3 Be6 8. O-O h6 9. e4 O-O 10. Rd1 Qc8 11. b3 Nh5 12. Qe3 Nd7 13. Nd4 Ne5 14. Nxe6 Qxe6 15. Qe2 Nf6 16. h3 Nh7 17. f4 Nd7 18. Bb2 f5 19. exf5 Qxe2 20. Nxe2 Rxf5 21. Nd4 Rf7 22. Ne6 Bf6 23. Bxf6 Rxf6 24. Rxd6 Nc5 25. Rd8+ Rxd8 26. Nxd8 Rd6 27. b4 Rxd8 28. bxc5 Rd7 29. Be4 Nf6 30. Bf5 Rc7 31. Rd1 Kf7 32. Re1 Nd7 33. Bxd7 Rxd7 34. Rb1 Ke7 35. Kf2 Kd8 36. Ke3 Kc7 37. f5 b6 38. cxb6+ axb6 39. g4 c5 40. Rb3 Rd4 41. Rc3 Kd6 42. Rd3 Ke5 43. Rxd4 cxd4+ 44. Kd3 h5 45. gxh5 Kxf5 46. Kxd4 Kg5 47. Kd5 Kxh5 48. Kc6 1-0

[Event "ENG-ch Senior Over 65"]
[Site "Kenilworth"]
[Date "2025.04.26"]
[Round "4.16"]
[White "Johnson, Richard J"]
[Black "Morris, Nigel W"]
[Result "1-0"]
[WhiteElo "1868"]
[BlackElo "1611"]
[PlyCount "97"]
[EventDate "2025.04.24"]
[EventType "swiss"]
[EventRounds "7"]
[EventCountry "ENG"]
[SourceTitle "BritBase"]
[Source "John Saunders"]
[SourceDate "1997.08.31"]
[SourceVersion "1"]
[SourceVersionDate "1997.08.31"]
[SourceQuality "1"]

1. e4 c5 2. Nf3 d6 3. d4 cxd4 4. Nxd4 Nf6 5. Nc3 a6 6. f4 e6 7. Bd3 Nbd7 8. a4 Be7 9. Qe2 Qc7 10. g4 O-O 11. g5 Ne8 12. Nf3 b6 13. O-O Bb7 14. Be3 Nc5 15. Rac1 Nxd3 16. cxd3 Qd8 17. Qf2 g6 18. Bxb6 Qd7 19. Ne2 Qxa4 20. Ng3 Bd8 21. Bxd8 Rxd8 22. f5 exf5 23. exf5 f6 24. fxg6 hxg6 25. Nd4 Qd7 26. Rce1 Bd5 27. Qf4 f5 28. Ngxf5 gxf5 29. Nxf5 Rxf5 30. Qxf5 Qxf5 31. Rxf5 Bc6 32. Re7 Ng7 33. Rf6 Be8 34. Ra7 Bb5 35. Rg6 Rd7 36. Rxd7 Bxd7 37. Rxd6 Bb5 38. Kf2 Kf7 39. Rf6+ Ke7 40. Ke3 Ne6 41. h4 Ng7 42. d4 Nh5 43. Rh6 Ng7 44. Kf4 Ne6+ 45. Ke5 Nf8 46. g6 Bc4 47. d5 Nd7+ 48. Kd4 Be2 49. Rh7+ 1-0

[Event "ENG-ch Senior Over 65"]
[Site "Kenilworth"]
[Date "2025.04.26"]
[Round "4.17"]
[White "Pickersgill, Adrian O"]
[Black "Robinson, Steve"]
[Result "1-0"]
[WhiteElo "1940"]
[BlackElo "1580"]
[PlyCount "31"]
[EventDate "2025.04.24"]
[EventType "swiss"]
[EventRounds "7"]
[EventCountry "ENG"]
[SourceTitle "BritBase"]
[Source "John Saunders"]
[SourceDate "1997.08.31"]
[SourceVersion "1"]
[SourceVersionDate "1997.08.31"]
[SourceQuality "1"]

1. e4 Nc6 2. Nf3 d6 3. Bc4 e5 4. c3 Bg4 5. d3 Qf6 6. Nbd2 Nge7 7. h3 Be6 8. O-O O-O-O 9. b4 d5 10. exd5 Nxd5 11. Ne4 Qg6 12. Nh4 Nxc3 13. Nxg6 Nxd1 14. Bxe6+ fxe6 15. Nxh8 Nxb4 16. Rxd1 1-0

[Event "ENG-ch Senior Over 65"]
[Site "Kenilworth"]
[Date "2025.04.26"]
[Round "4.18"]
[White "Collins, Nigel"]
[Black "Hawkins, James N"]
[Result "0-1"]
[WhiteElo "1577"]
[BlackElo "1931"]
[PlyCount "94"]
[EventDate "2025.04.24"]
[EventType "swiss"]
[EventRounds "7"]
[EventCountry "ENG"]
[SourceTitle "BritBase"]
[Source "John Saunders"]
[SourceDate "1997.08.31"]
[SourceVersion "1"]
[SourceVersionDate "1997.08.31"]
[SourceQuality "1"]

1. c4 e5 2. Nc3 Nf6 3. g3 d5 4. cxd5 Nxd5 5. Bg2 Be6 6. Nf3 Nc6 7. O-O Nb6 8. a3 a5 9. e3 Be7 10. d4 exd4 11. Nxd4 Nxd4 12. exd4 c6 13. Na4 Nxa4 14. Qxa4 O-O 15. Be3 Bd5 16. Bxd5 Qxd5 17. Rac1 Rfd8 18. Qc4 Qh5 19. Qb3 Rd7 20. Qd1 Qd5 21. Qg4 f5 22. Qe2 Rad8 23. Qc4 Bf6 24. Rfd1 Kf8 25. Qxd5 Rxd5 26. Rc4 c5 27. Rdc1 cxd4 28. Bf4 d3 29. Rc7 d2 30. Rd1 Bxb2 31. Rxb7 Bxa3 32. Bc7 Re8 33. Kg2 Bb4 34. Bf4 Re1 35. Rxb4 axb4 36. Rxd2 Rxd2 37. Bxd2 Rb1 38. Kf3 Kf7 39. Ke3 Ke6 40. Kd3 Rd1 41. Kc2 Rxd2+ 42. Kxd2 Kd5 43. f4 Kc4 44. Kc2 h5 45. h3 g6 46. g4 fxg4 47. hxg4 hxg4 0-1

[Event "ENG-ch Senior Over 65"]
[Site "Kenilworth"]
[Date "2025.04.26"]
[Round "4.19"]
[White "Clarke, Duncan"]
[Black "Erdogan, Hassan"]
[Result "0-1"]
[WhiteElo "1541"]
[BlackElo "1806"]
[PlyCount "53"]
[EventDate "2025.04.24"]
[EventType "swiss"]
[EventRounds "7"]
[EventCountry "ENG"]
[SourceTitle "BritBase"]
[Source "John Saunders"]
[SourceDate "1997.08.31"]
[SourceVersion "1"]
[SourceVersionDate "1997.08.31"]
[SourceQuality "1"]

1. d4 d6 2. Nf3 Nd7 3. e3 e5 4. Bc4 c6 5. O-O Be7 6. Re1 Ngf6 7. Bd3 e4 8. Bxe4 Nxe4 9. Qd3 Ndf6 10. Nbd2 Nxd2 11. Bxd2 O-O 12. h3 d5 13. c3 Ne4 14. Nh2 Bd6 15. Re2 Bf5 16. Be1 Ng3 17. Qd1 Nxe2+ 18. Qxe2 Bxh2+ 19. Kxh2 Qd6+ 20. Kh1 Rae8 21. Bd2 Qd7 22. g4 Bg6 23. f4 Be4+ 24. Kh2 g5 25. f5 Qd6+ 26. Kg1 Qg3+ 27. Kf1 0-1

[Event "ENG-ch Senior Over 65"]
[Site "Kenilworth"]
[Date "2025.04.26"]
[Round "4.20"]
[White "Goodwin, Ed H"]
[Black "Wright, George A"]
[Result "1-0"]
[WhiteElo "1876"]
[BlackElo "1569"]
[PlyCount "89"]
[EventDate "2025.04.24"]
[EventType "swiss"]
[EventRounds "7"]
[EventCountry "ENG"]
[SourceTitle "BritBase"]
[Source "John Saunders"]
[SourceDate "1997.08.31"]
[SourceVersion "1"]
[SourceVersionDate "1997.08.31"]
[SourceQuality "1"]

1. d4 Nf6 2. c4 c5 3. d5 b5 4. cxb5 a6 5. b6 Qxb6 6. Nc3 d6 7. e4 g6 8. Nf3 Bg7 9. Be2 O-O 10. O-O Bg4 11. Nd2 Bxe2 12. Qxe2 Nbd7 13. Nc4 Qc7 14. Bd2 Rfb8 15. Rab1 Rb7 16. f4 Ne8 17. b3 Qd8 18. e5 Qc7 19. Rbe1 Bf8 20. Qf3 Ng7 21. g4 a5 22. Ne4 Nb6 23. exd6 exd6 24. Bxa5 Be7 25. Bxb6 Rxb6 26. Nxb6 Qxb6 27. g5 c4+ 28. Kh1 cxb3 29. Qxb3 Qxb3 30. axb3 Nf5 31. Ng3 Nxg3+ 32. hxg3 Kf8 33. Re2 Bd8 34. Rc1 Be7 35. Rec2 Re8 36. Rc8 f6 37. Rxe8+ Kxe8 38. gxf6 Bxf6 39. Kg2 g5 40. fxg5 Bxg5 41. Rc6 Kd7 42. b4 Be3 43. b5 Ba7 44. Kf3 Bb8 45. Kg4 1-0

[Event "ENG-ch Senior Over 65"]
[Site "Kenilworth"]
[Date "2025.04.27"]
[Round "5.1"]
[White "Townsend, M Paul"]
[Black "Dilleigh, Stephen P"]
[Result "1-0"]
[WhiteElo "2149"]
[BlackElo "2024"]
[PlyCount "137"]
[EventDate "2025.04.24"]
[EventType "swiss"]
[EventRounds "7"]
[EventCountry "ENG"]
[SourceTitle "BritBase"]
[Source "John Saunders"]
[SourceDate "1997.08.31"]
[SourceVersion "1"]
[SourceVersionDate "1997.08.31"]
[SourceQuality "1"]

1. c4 e6 2. Nf3 d5 3. g3 dxc4 4. Bg2 Nf6 5. Qa4+ Nbd7 6. Qxc4 c5 7. Qb3 Rb8 8. a4 Bd6 9. Na3 a6 10. Nc4 Bc7 11. a5 O-O 12. O-O b5 13. axb6 Nxb6 14. Nxb6 Rxb6 15. Qc2 Rb5 16. d3 Bb7 17. Nd2 Bxg2 18. Kxg2 Qd5+ 19. e4 Qb7 20. Nc4 Nd7 21. Bd2 Ne5 22. Bc3 Nxc4 23. dxc4 Rb6 24. Rfd1 Rd6 25. Rxd6 Bxd6 26. f3 Be7 27. Qa4 Rd8 28. Qxa6 Qd7 29. Rf1 h5 30. Rf2 Qd1 31. Qa7 Rd7 32. Qb8+ Rd8 33. Qe5 Bf6 34. Qxc5 Bxc3 35. bxc3 Qe1 36. Qxh5 Rd1 37. Qc5 Qg1+ 38. Kh3 g6 39. Qe3 Re1 40. Qd4 e5 41. Qd8+ Kg7 42. Rg2 Qf1 43. Qd2 Qxf3 44. Rf2 Qxe4 45. c5 f5 46. Qg5 Rg1 47. Rd2 Qg4+ 48. Qxg4 fxg4+ 49. Kxg4 Rc1 50. Rd3 Ra1 51. c6 Ra5 52. Rd7+ Kf6 53. Rd6+ Kf7 54. Kf3 Rc5 55. Ke4 g5 56. Rh6 Rxc3 57. Kxe5 Kg7 58. Rd6 Kf7 59. Kd5 Rc2 60. Rd7+ Ke8 61. Rh7 Kd8 62. Kd6 Rd2+ 63. Ke6 Rc2 64. c7+ Kc8 65. Kf6 g4 66. Kf5 Rc4 67. Rg7 Kb7 68. Rxg4 Rxc7 69. h4 1-0

[Event "ENG-ch Senior Over 65"]
[Site "Kenilworth"]
[Date "2025.04.27"]
[Round "5.2"]
[White "Jackson, Oliver A"]
[Black "Littlewood, Paul E"]
[Result "0-1"]
[WhiteElo "2036"]
[BlackElo "2323"]
[PlyCount "50"]
[EventDate "2025.04.24"]
[EventType "swiss"]
[EventRounds "7"]
[EventCountry "ENG"]
[SourceTitle "BritBase"]
[Source "John Saunders"]
[SourceDate "1997.08.31"]
[SourceVersion "1"]
[SourceVersionDate "1997.08.31"]
[SourceQuality "1"]

1. e4 c5 2. Nc3 Nc6 3. f4 g6 4. Nf3 Bg7 5. Bb5 Nd4 6. O-O Nxb5 7. Nxb5 a6 8. Nc3 b5 9. d3 d6 10. Qe1 b4 11. Nd5 e6 12. Ne3 Ne7 13. f5 exf5 14. exf5 O-O 15. Ng5 Nxf5 16. Nxf5 Bxf5 17. Qg3 d5 18. Be3 Rc8 19. Rf2 Re8 20. Rxf5 gxf5 21. Bf4 Qf6 22. Rf1 c4 23. Kh1 h6 24. Nf3 cxd3 25. cxd3 Rc2 0-1

[Event "ENG-ch Senior Over 65"]
[Site "Kenilworth"]
[Date "2025.04.27"]
[Round "5.3"]
[White "Snape, Ian L"]
[Black "Baker, Chris W"]
[Result "1/2-1/2"]
[WhiteElo "2098"]
[BlackElo "2151"]
[PlyCount "102"]
[EventDate "2025.04.24"]
[EventType "swiss"]
[EventRounds "7"]
[EventCountry "ENG"]
[SourceTitle "BritBase"]
[Source "John Saunders"]
[SourceDate "1997.08.31"]
[SourceVersion "1"]
[SourceVersionDate "1997.08.31"]
[SourceQuality "1"]

1. d4 d5 2. c4 e6 3. Nf3 c5 4. cxd5 exd5 5. g3 Nc6 6. Bg2 Nf6 7. O-O Be7 8. Nc3 O-O 9. Bg5 h6 10. Bxf6 Bxf6 11. dxc5 Be6 12. e3 Bxc3 13. bxc3 Qa5 14. Nd4 Qxc5 15. Nxe6 fxe6 16. Qg4 Rf6 17. Rab1 b6 18. Rbc1 Raf8 19. Qe2 Ne5 20. f4 Nc4 21. Rfe1 e5 22. fxe5 Nxe5 23. Rcd1 Nf3+ 24. Bxf3 Rxf3 25. Qd3 R8f5 26. Rf1 Rxf1+ 27. Rxf1 Rxf1+ 28. Kxf1 b5 29. Ke2 a5 30. e4 dxe4 31. Qxe4 Qxc3 32. Qe8+ Kh7 33. Qe4+ g6 34. Qe7+ Qg7 35. Qxg7+ Kxg7 36. Kd3 Kf6 37. Kd4 Ke6 38. Kc5 b4 39. Kb5 Kd5 40. Kxa5 Kc5 41. Ka4 Kc4 42. Ka5 h5 43. Kb6 g5 44. Kc6 h4 45. gxh4 gxh4 46. h3 b3 47. axb3+ Kxb3 48. Kd5 Kb4 49. Ke4 Kc5 50. Kf5 Kd6 51. Kg5 Ke7 1/2-1/2

[Event "ENG-ch Senior Over 65"]
[Site "Kenilworth"]
[Date "2025.04.27"]
[Round "5.4"]
[White "Jackson, Sheila"]
[Black "Myall, Ivan J"]
[Result "0-1"]
[WhiteElo "2031"]
[BlackElo "1913"]
[PlyCount "98"]
[EventDate "2025.04.24"]
[EventType "swiss"]
[EventRounds "7"]
[EventCountry "ENG"]
[SourceTitle "BritBase"]
[Source "John Saunders"]
[SourceDate "1997.08.31"]
[SourceVersion "1"]
[SourceVersionDate "1997.08.31"]
[SourceQuality "1"]

1. e4 e5 2. Nf3 Nc6 3. Bb5 Bc5 4. c3 f5 5. d3 fxe4 6. dxe4 Nf6 7. O-O Qe7 8. Bg5 d6 9. b4 Bb6 10. Nbd2 a6 11. Bc4 Be6 12. Qb3 Nd8 13. a4 O-O 14. a5 Ba7 15. Rae1 Kh8 16. h3 Bxc4 17. Qxc4 Ne6 18. Be3 Nh5 19. Bxa7 Rxa7 20. g3 Raa8 21. Kh2 Qd7 22. Ng1 Rf6 23. Qe2 Qf7 24. f3 Rg6 25. Qe3 Nxg3 26. Rf2 Nf4 27. Nf1 Nxf1+ 28. Rexf1 Rh6 29. Kh1 Rf8 30. Rh2 Qc4 31. Rd1 Qb3 32. Rc1 Qe6 33. c4 Nxh3 34. Ne2 Nf4 35. Nxf4 Rxh2+ 36. Kxh2 Rxf4 37. Kg3 Qh6 38. Kf2 Qh2+ 39. Ke1 h6 40. Rd1 Qg2 41. Rd3 Rh4 42. Qf2 Qxf2+ 43. Kxf2 Rh2+ 44. Kg3 Rc2 45. b5 Rxc4 46. b6 cxb6 47. axb6 Rc6 48. Rb3 Kg8 49. Kg4 g6 0-1

[Event "ENG-ch Senior Over 65"]
[Site "Kenilworth"]
[Date "2025.04.27"]
[Round "5.5"]
[White "Moore, Geoffrey R"]
[Black "McNally, Richard J E"]
[Result "1-0"]
[WhiteElo "1983"]
[BlackElo "1926"]
[PlyCount "67"]
[EventDate "2025.04.24"]
[EventType "swiss"]
[EventRounds "7"]
[EventCountry "ENG"]
[SourceTitle "BritBase"]
[Source "John Saunders"]
[SourceDate "1997.08.31"]
[SourceVersion "1"]
[SourceVersionDate "1997.08.31"]
[SourceQuality "1"]

1. e4 e5 2. Nf3 Nc6 3. Nc3 Nf6 4. Bb5 Bb4 5. O-O O-O 6. d3 d6 7. Ne2 Bg4 8. c3 Bxf3 9. gxf3 Bc5 10. Be3 Ne7 11. Kh1 Ng6 12. Ng3 Nf4 13. d4 Bb6 14. Bxf4 exf4 15. Ne2 Nh5 16. Rg1 Qh4 17. Qf1 f5 18. exf5 Rxf5 19. Rg4 Qf6 20. Bd3 Rg5 21. Qh3 Rxg4 22. fxg4 f3 23. Qxh5 fxe2 24. Qxh7+ Kf7 25. Bxe2 Re8 26. g5 Qe6 27. Bh5+ Ke7 28. Qxg7+ Kd8 29. Bxe8 Qe4+ 30. Kg1 Qg4+ 31. Kf1 Qh3+ 32. Ke2 Qg4+ 33. f3 Qe6+ 34. Kf2 1-0

[Event "ENG-ch Senior Over 65"]
[Site "Kenilworth"]
[Date "2025.04.27"]
[Round "5.6"]
[White "Clark, Robert G"]
[Black "Hall, Alan A"]
[Result "1/2-1/2"]
[WhiteElo "2072"]
[BlackElo "1780"]
[PlyCount "101"]
[EventDate "2025.04.24"]
[EventType "swiss"]
[EventRounds "7"]
[EventCountry "ENG"]
[SourceTitle "BritBase"]
[Source "John Saunders"]
[SourceDate "1997.08.31"]
[SourceVersion "1"]
[SourceVersionDate "1997.08.31"]
[SourceQuality "1"]

1. c4 Nf6 2. g3 e5 3. Bg2 d5 4. cxd5 Nxd5 5. Nc3 Nb6 6. Nf3 Nc6 7. O-O Be7 8. a3 a5 9. d3 O-O 10. Be3 Be6 11. Rc1 Qd7 12. Ne4 Nd4 13. Nxe5 Qd8 14. Nf3 Nb3 15. Rc3 a4 16. Nc5 Nd5 17. Rxb3 axb3 18. Nxe6 Nxe3 19. Qxb3 fxe6 20. Qxe6+ Kh8 21. Qxe3 Bf6 22. d4 Re8 23. Qd2 c6 24. Rd1 Qb6 25. Qc2 Rad8 26. e3 c5 27. dxc5 Rxd1+ 28. Qxd1 Rd8 29. cxb6 Rxd1+ 30. Bf1 Bxb2 31. a4 Ra1 32. Ng5 Rxa4 33. Nf7+ Kg8 34. Nd6 Rb4 35. Nxb7 Rxb6 36. Nc5 Ba3 37. Nd3 g6 38. Kg2 Kg7 39. h4 Be7 40. f4 Rb3 41. Kf3 Rb1 42. Be2 h5 43. Ne5 Rb6 44. Bd3 Rd6 45. Bxg6 Rxg6 46. Nxg6 Kxg6 47. e4 Bd8 48. f5+ Kf6 49. g4 hxg4+ 50. Kxg4 Be7 51. h5 1/2-1/2

[Event "ENG-ch Senior Over 65"]
[Site "Kenilworth"]
[Date "2025.04.27"]
[Round "5.7"]
[White "Habershon, Paul F"]
[Black "Donnelly, Michael J"]
[Result "1-0"]
[WhiteElo "1936"]
[BlackElo "1913"]
[PlyCount "153"]
[EventDate "2025.04.24"]
[EventType "swiss"]
[EventRounds "7"]
[EventCountry "ENG"]
[SourceTitle "BritBase"]
[Source "John Saunders"]
[SourceDate "1997.08.31"]
[SourceVersion "1"]
[SourceVersionDate "1997.08.31"]
[SourceQuality "1"]

1. Nf3 Nf6 2. c4 e6 3. Nc3 d5 4. d4 Be7 5. g3 O-O 6. Bg2 c5 7. cxd5 exd5 8. O-O Nc6 9. b3 Bg4 10. dxc5 Bxc5 11. Bb2 Qd7 12. Rc1 Be7 13. Nd4 Rfd8 14. Nxc6 bxc6 15. Na4 Rac8 16. Nc5 Qc7 17. Qd3 Bd7 18. Rfd1 Be8 19. Qd4 Qb6 20. Bh3 Rb8 21. Rd3 Qb4 22. Qe3 Bxc5 23. Rxc5 Ne4 24. Rc1 f6 25. Be6+ Kh8 26. h4 Qe7 27. Bh3 Qd6 28. Bf5 Bg6 29. Bxg6 hxg6 30. Bd4 a6 31. Kg2 Re8 32. Qf4 Qxf4 33. gxf4 Rbc8 34. f3 Nd6 35. Kf1 Nf5 36. Bf2 Red8 37. Rdc3 Rd6 38. e4 dxe4 39. fxe4 Ne7 40. Ke2 Re6 41. Kf3 f5 42. Rc4 fxe4+ 43. Rxe4 Rxe4 44. Kxe4 Nd5 45. Bd4 Kg8 46. Rc5 Kf7 47. Ra5 Ra8 48. Be5 Ke6 49. Rc5 Kd7 50. Bxg7 Rg8 51. Be5 Ra8 52. Rc2 a5 53. Rg2 a4 54. Rxg6 axb3 55. axb3 Ra3 56. Rd6+ Ke8 57. Rxc6 Ne7 58. Rc3 Ra2 59. Rh3 Re2+ 60. Kf3 Ra2 61. h5 Ra3 62. Kg4 Ra6 63. h6 Kf7 64. h7 Ng6 65. h8=Q Nxh8 66. Rxh8 Rb6 67. Rh3 Rg6+ 68. Kf5 Rb6 69. Rh7+ Kg8 70. Rh8+ Kf7 71. Rb8 Rf6+ 72. Ke4 Ra6 73. Rb7+ Kf8 74. b4 Ra4 75. Kf5 Ra6 76. b5 Rh6 77. Bg7+ 1-0

[Event "ENG-ch Senior Over 65"]
[Site "Kenilworth"]
[Date "2025.04.27"]
[Round "5.8"]
[White "De Coverly, Roger D"]
[Black "Bonafont, Philip R"]
[Result "0-1"]
[WhiteElo "1918"]
[BlackElo "1976"]
[PlyCount "90"]
[EventDate "2025.04.24"]
[EventType "swiss"]
[EventRounds "7"]
[EventCountry "ENG"]
[SourceTitle "BritBase"]
[Source "John Saunders"]
[SourceDate "1997.08.31"]
[SourceVersion "1"]
[SourceVersionDate "1997.08.31"]
[SourceQuality "1"]

1. e4 c6 2. d4 d5 3. e5 c5 4. Nf3 cxd4 5. Nxd4 Nc6 6. Nxc6 bxc6 7. Bd3 e6 8. O-O a5 9. Qe2 Ne7 10. Nd2 Qb6 11. Nf3 Ba6 12. Be3 Bxd3 13. cxd3 c5 14. d4 c4 15. Rab1 a4 16. a3 Nc6 17. Rfd1 h6 18. h3 Be7 19. Nh2 Kd7 20. f4 g6 21. Qf2 Qb3 22. Nf1 Qb7 23. Qc2 Bd8 24. Ng3 Bb6 25. Ne2 Qa7 26. Kh1 Ne7 27. Nc3 Nf5 28. Qf2 h5 29. g3 Qb7 30. Kg2 Bd8 31. Qf3 Be7 32. Bf2 Qb3 33. Ne2 Rab8 34. Rdc1 Qb6 35. g4 hxg4 36. hxg4 Nh4+ 37. Bxh4 Rxh4 38. f5 gxf5 39. gxf5 Rg8+ 40. Kf1 Rg5 41. fxe6+ fxe6 42. Ke1 Rf5 43. Qg2 Rxd4 44. Nxd4 Qxd4 45. Rd1 Bh4+ 0-1

[Event "ENG-ch Senior Over 65"]
[Site "Kenilworth"]
[Date "2025.04.27"]
[Round "5.9"]
[White "Wynarczyk, Raymond"]
[Black "Page, Mark Edward"]
[Result "0-1"]
[WhiteElo "1813"]
[BlackElo "2049"]
[PlyCount "116"]
[EventDate "2025.04.24"]
[EventType "swiss"]
[EventRounds "7"]
[EventCountry "ENG"]
[SourceTitle "BritBase"]
[Source "John Saunders"]
[SourceDate "1997.08.31"]
[SourceVersion "1"]
[SourceVersionDate "1997.08.31"]
[SourceQuality "1"]

1. e4 c5 2. c3 d6 3. d4 Nf6 4. dxc5 Nc6 5. f3 d5 6. exd5 Qxd5 7. Qxd5 Nxd5 8. Bc4 e6 9. b4 Be7 10. Ne2 a5 11. Bxd5 exd5 12. Nf4 axb4 13. Nxd5 Be6 14. Nc7+ Kd7 15. Nxa8 Bxc5 16. Bd2 Rxa8 17. cxb4 Nxb4 18. Bxb4 Bxb4+ 19. Nd2 Bc3 20. Rc1 Rxa2 21. Rxc3 Ra1+ 22. Kf2 Rxh1 23. Nf1 b5 24. g4 b4 25. Rc1 Ba2 26. Kg2 Rxf1 27. Kxf1 b3 28. Rd1+ Kc6 29. Rd2 Kc5 30. Ke1 Kc4 31. Kd1 Kc3 32. Kc1 Bb1 33. Rd7 Bd3 34. Rc7+ Bc4 35. Rb7 g5 36. Rb8 h6 37. Rb7 Kd3 38. Rb4 Kc3 39. Rb7 Be6 40. Rb5 Kd3 41. Re5 Kc3 42. Rb5 Kd4 43. Kd2 Bd5 44. Rb8 Kc4 45. Rc8+ Kb4 46. Rb8+ Kc4 47. Rc8+ Kd4 48. Rh8 Bxf3 49. h3 Be4 50. Rxh6 b2 51. Rb6 b1=Q 52. Rxb1 Bxb1 53. Ke2 Ke4 54. Kf2 Kf4 55. Kg2 Be4+ 56. Kh2 Kf3 57. h4 Kxg4 58. hxg5 Kxg5 0-1